000 00445nam a2200169Ia 4500
008 210210b1905 xxu||||| |||| 00| 0 eng d
041 _aeng
082 _a825/807
100 _aSMITH (N C)
245 _aWordsworths literary criticism
260 _aLondon
_bHenry Frowde Publisher to the University of Oxford
_c1905
650 _aWordsworths
650 _aliterary
650 _acriticism
690 _aEnglish Criticism
906 _a015122
999 _c134441
_d134441